Instruments et marchés financiers

Saved in:
Bibliographic Details
Main Author: Navatte, Patrick
Format: Book
Language:French
Published: Paris Litec 1992
Series:Les essentiels de la gestion
Subjects:
Tags: Add Tag
No Tags, Be the first to tag this record!

MARC

LEADER 00000nam$a2200000$$$4500
001 0113224
005 20240111124627.7
020 |a 2-7178-1219-9 
041 0 |a fre 
044 |a FR 
245 1 0 |a Instruments et marchés financiers  |c Patrick Navatte 
264 1 |a Paris  |b Litec  |c 1992 
300 |a 192 s. 
490 1 |a Les essentiels de la gestion 
830 0 |a Les essentiels de la gestion 
610 2 0 |a trh finančný 
610 2 0 |a nástroje finančné 
610 2 0 |a politika finančná 
610 2 0 |a internacionalizácia 
610 2 0 |a globalizácia 
100 1 |a Navatte, Patrick